000 01038cab a2200325 4500
001 ABS57283
008 090401t1997 xxu||||| |||| 00| 0 eng d
035 _a(Sirsi) u79619
041 _aeng
100 _aBennett, J.
245 _aGetting the balance right
260 _c1997
350 _a0
490 _aMunicipal Journal
_v4 July 1997, 20-21(2)
520 _aExamines how the Local Government (Contracts) Bill attempts to remedy the difficulty of local authorities doing PFI deals with financial institutions - the latter seeing some transactions as being ultra vires.
650 _aFINANCIAL INSTITUTIONS
650 _aLOCAL AUTHORITIES
650 _aLOCAL GOVERNMENT (CONTRACTS) BILL
650 _aPFI CONTRACTS
650 _aPFI
650 _aPRIVATE FINANCE INITIATIVE
650 _aPRIVATE SECTOR
650 _aProcurement-old
650 _aPUBLIC SECTOR
650 _aULTRA VIRES
690 _aPROPERTY-PROPERTY FINANCE AND INVESTMENT
700 _aCirell, S.
942 _n0
948 _c15/07/1997
999 _c50068
_d50068